000
00285nam a2200109Ia 4500
008
230320s9999||||xx |||||||||||||| ||spa||
082
_a
193/S31S
100
_a
Schopenhauer
245
0
_a
Sobre La Cuadruple Raíz Del Principio De Razón Suficiente
260
_b
Aguilar
942
_8
0
_c
LIB
999
_c
26362
_d
26362